Juicing your way to health / (Record no. 11695)
[ view plain ]
| 000 -LEADER | |
|---|---|
| fixed length control field | 00458nam a22001577a 4500 |
| 003 - CONTROL NUMBER IDENTIFIER | |
| control field | OSt |
| 005 - DATE AND TIME OF LATEST TRANSACTION | |
| control field | 20181220145848.0 |
| 008 - FIXED-LENGTH DATA ELEMENTS--GENERAL INFORMATION | |
| fixed length control field | 181220b ||||| |||| 00| 0 eng d |
| 040 ## - CATALOGING SOURCE | |
| Transcribing agency | 0 |
| 082 ## - DEWEY DECIMAL CLASSIFICATION NUMBER | |
| Classification number | DPer 910.5 T 69 Apr-June 2015 v.45, n. 4-6 |
| 100 ## - MAIN ENTRY--PERSONAL NAME | |
| Personal name | Dela Cruz, Anne Ruth |
| 9 (RLIN) | 33485 |
| 245 ## - TITLE STATEMENT | |
| Title | Juicing your way to health / |
| Statement of responsibility, etc. | Anne Ruth Dela Cruz |
| 300 ## - PHYSICAL DESCRIPTION | |
| Extent | v. 45, n. 3, p. 25-29. |
| Other physical details | colored illustrations, |
| Dimensions | 28 cm. |
| 500 ## - GENERAL NOTE | |
| General note | Food |
| 942 ## - ADDED ENTRY ELEMENTS (KOHA) | |
| Source of classification or shelving scheme | Dewey Decimal Classification |
| Koha item type | Periodicals |
| Withdrawn status | Lost status | Source of classification or shelving scheme | Damaged status | Not for loan | Collection code | Home library | Current library | Date acquired | Total Checkouts | Full call number | Date last seen | Price effective from | Koha item type | Public note |
|---|---|---|---|---|---|---|---|---|---|---|---|---|---|---|
| Dewey Decimal Classification | Periodicals | UM Digos College - LIC | UM Digos College - LIC | 12/20/2018 | DPer 910.5 T 69 Apr-June 2015 v.45, n. 4-6 | 12/20/2018 | 12/20/2018 | Periodicals | Periodical article |
